Phenomenology of perception / (Record no. 353547)
[ view plain ]
| 000 -LEADER | |
|---|---|
| fixed length control field | 01316cam a22003618a 4500 |
| 001 - CONTROL NUMBER | |
| control field | 16803730 |
| 003 - CONTROL NUMBER IDENTIFIER | |
| control field | OSt |
| 005 - DATE AND TIME OF LATEST TRANSACTION | |
| control field | 20180116192411.0 |
| 008 - FIXED-LENGTH DATA ELEMENTS--GENERAL INFORMATION | |
| fixed length control field | 110601s2011 enk b 001 0 eng |
| 010 ## - LIBRARY OF CONGRESS CONTROL NUMBER | |
| LC control number | 2011021920 |
| 020 ## - INTERNATIONAL STANDARD BOOK NUMBER | |
| International Standard Book Number | 9780415558693 (hardback : alk. paper) |
| 040 ## - CATALOGING SOURCE | |
| Original cataloging agency | DLC |
| Transcribing agency | DLC |
| 041 1# - LANGUAGE CODE | |
| Language code of text/sound track or separate title | eng |
| Language code of original | fre |
| 042 ## - AUTHENTICATION CODE | |
| Authentication code | pcc |
| 050 00 - LIBRARY OF CONGRESS CALL NUMBER | |
| Classification number | B2430.M3763 |
| Item number | P4713 2011 |
| 082 00 - DEWEY DECIMAL CLASSIFICATION NUMBER | |
| Classification number | 142.7 |
| Edition number | 23 |
| 100 1# - MAIN ENTRY--PERSONAL NAME | |
| Personal name | Merleau-Ponty, Maurice, |
| Dates associated with a name | 1908-1961. |
| 9 (RLIN) | 5932 |
| 240 10 - UNIFORM TITLE | |
| Uniform title | Phénoménologie de la perception. |
| Language of a work | English |
| 245 10 - TITLE STATEMENT | |
| Title | Phenomenology of perception / |
| Statement of responsibility, etc. | by Maurice Merleau-Ponty. |
| 260 ## - PUBLICATION, DISTRIBUTION, ETC. | |
| Place of publication, distribution, etc. | Abingdon, Oxon ; |
| -- | New York : |
| Name of publisher, distributor, etc. | Routledge, |
| Date of publication, distribution, etc. | 2012. |
| 263 ## - PROJECTED PUBLICATION DATE | |
| Projected publication date | 1110 |
| 300 ## - PHYSICAL DESCRIPTION | |
| Extent | 606p. |
| 500 ## - GENERAL NOTE | |
| General note | Translated by Donald A. Landes. |
| 504 ## - BIBLIOGRAPHY, ETC. NOTE | |
| Bibliography, etc. note | Includes bibliographical references (p. 586-606 ) and index. |
| 505 0# - FORMATTED CONTENTS NOTE | |
| Formatted contents note | Introduction: classical prejudices and the return to phenomena -- The body -- The perceived world -- Being-for-itself and being-in-the-world. |
| 650 10 - SUBJECT ADDED ENTRY--TOPICAL TERM | |
| Topical term or geographic name entry element | Phenomenology. |
| 9 (RLIN) | 5933 |
| 650 10 - SUBJECT ADDED ENTRY--TOPICAL TERM | |
| Topical term or geographic name entry element | Perception (Philosophy) |
| 9 (RLIN) | 5934 |
| 700 1# - ADDED ENTRY--PERSONAL NAME | |
| Personal name | Landes, Donald A. |
| 9 (RLIN) | 5935 |
| 906 ## - LOCAL DATA ELEMENT F, LDF (RLIN) | |
| a | 7 |
| b | cbc |
| c | orignew |
| d | 1 |
| e | ecip |
| f | 20 |
| g | y-gencatlg |
| 942 ## - ADDED ENTRY ELEMENTS (KOHA) | |
| Source of classification or shelving scheme | |
| Koha item type | Book |
| Withdrawn status | Lost status | Source of classification or shelving scheme | Damaged status | Not for loan | Permanent Location | Current Location | Date acquired | Total Checkouts | Full call number | Barcode | Date last seen | Date last checked out | Copy number | Cost, replacement price | Price effective from | Koha item type |
|---|---|---|---|---|---|---|---|---|---|---|---|---|---|---|---|---|
| School of Art Design and Architecture (SADA) | School of Art Design and Architecture (SADA) | 08/27/2012 | 7 | 142.7 MER 2012 | SADA0001839 | 07/02/2024 | 05/31/2024 | 01 | 4200.00 | 09/10/2012 | Book |
